One 2021-22 NBA Player by Team - Statistics

General Stats
  • This quiz has been taken 1,822 times
    1,703 since last reset
  • The average score is 28 of 30
Answer Stats
Team Players Full List % Correct
76ers Joel Embiid | James Harden | Tobias Harris | Tyrese Maxey | Seth Curry | Matisse Thybulle | Shake Milton | Furkan Korkmaz | Georges Niang | Danny Green | Andre Drummond | Tyler Johnson | Isaiah Joe | Paul Millsap | Charlie Brown Jr. | Paul Reed | Charles Bassey | Myles Powell | Willie Cauley-Stein | Braxton Key | Jaden Springer | Aaron Henry | DeAndre Jordan
100%
Bucks Giannis Antetokounmpo | Khris Middleton | Jrue Holiday | Bobby Portis | Grayson Allen | Brook Lopez | Pat Connaughton | Serge Ibaka | George Hill | Donte DiVincenzo | Jordan Nwora | Wesley Matthews | DeMarcus Cousins | Langston Galloway | Semi Ojeleye | Rodney Hood | Greg Monroe | Javonte Smart | Justin Robinson | Lindell Wigginton | Thanasis Antetokounmpo | Sandro Mamukelashvili | Georgios Kalaitzakis | Luke Kornet | Jeff Dowtin | Javin DeLaurier | DeAndre' Bembry | Jevon Carter | Rayjon Tucker
99%
Bulls DeMar DeRozan | Zach LaVine | Lonzo Ball | Nikola Vučević | Coby White | Alex Caruso | Ayo Dosunmu | Patrick Williams | Javonte Green | Troy Brown Jr. | Derrick Jones Jr. | Tristan Thompson | Matt Thomas | Alfonzo McKinnie | Malcolm Hill | Tony Bradley | Tyler Cook | Devon Dotson | Alize Johnson | Marko Simonovic | Mac McClung | Jordan Bell
98%
Celtics Jayson Tatum | Jaylen Brown | Marcus Smart | Robert Williams | Dennis Schröder | Derrick White | Al Horford | Josh Richardson | Grant Williams | Romeo Langford | Daniel Theis | Payton Pritchard | Enes Freedom | Aaron Nesmith | Jabari Parker | Luke Kornet | Juancho Hernangómez | Sam Hauser | Brodric Thomas | Bruno Fernando | C.J. Miles | Joe Johnson | Justin Jackson | Kelan Martin | Nik Stauskas | Malik Fitts | Juwan Morgan | Matt Ryan
98%
Cavaliers Darius Garland | Evan Mobley | Jarrett Allen | Caris LeVert | Lauri Markkanen | Isaac Okoro | Collin Sexton | Ricky Rubio | Cedi Osman | Kevin Love | Rajon Rondo | Dean Wade | Brandon Goodwin | Justin Anderson | Lamar Stevens | Denzel Valentine | Dylan Windler | Malik Newman | Luke Kornet | Ed Davis | Kevin Pangos | RJ Nembhard Jr. | Tre Scott | Tacko Fall | Moses Brown | Tim Frazier
97%
Grizzlies Ja Morant | Desmond Bane | Dillon Brooks | Jaren Jackson Jr. | Steven Adams | De'Anthony Melton | Ziaire Williams | Kyle Anderson | Tyus Jones | Brandon Clarke | John Konchar | Killian Tillie | Xavier Tillman Sr. | Santi Aldama | Sam Merrill | Jarrett Culver | Shaq Buchanan | Xavier Sneed | Yves Pons | DaQuan Jeffries | Dakota Mathias | Jon Teske | Tyrell Terry
97%
Hawks Trae Young | John Collins | Clint Capela | Kevin Huerter | Bogdan Bogdanović | De'Andre Hunter | Chaundee Brown Jr. | Wes Iwundu | Danilo Gallinari | Cam Reddish | Cameron Oliver | Onyeka Okongwu | Delon Wright | Malcolm Hill | Lou Williams | Timothé Luwawu-Cabarrot | Lance Stephenson | Solomon Hill | Skylar Mays | Gorgui Dieng | Kevin Knox | Jalen Johnson | Cat Barber | Sharife Cooper
97%
Heat Jimmy Butler | Kyle Lowry | Bam Adebayo | Tyler Herro | P.J. Tucker | Duncan Robinson | Gabe Vincent | Max Strus | Caleb Martin | Markieff Morris | Dewayne Dedmon | Omer Yurtseven | Nik Stauskas | Haywood Highsmith | Kyle Guy | KZ Okpala | Marcus Garrett | Chris Silva | Udonis Haslem | Javonte Smart | Victor Oladipo | Mychal Mulder
97%
Hornets Miles Bridges | Terry Rozier | LaMelo Ball | Gordon Hayward | Montrezl Harrell | Kelly Oubre Jr. | Cody Martin | Mason Plumlee | P.J. Washington | Jalen McDaniels | Ish Smith | James Bouknight | JT Thor | Nick Richards | Vernon Carey Jr. | Scottie Lewis | Arnoldas Kulboka | Kai Jones | Isaiah Thomas
97%
Lakers LeBron James | Anthony Davis | Russell Westbrook | Malik Monk | Carmelo Anthony | Talen Horton-Tucker | Isaiah Thomas | Avery Bradley | Stanley Johnson | Austin Reaves | Trevor Ariza | Wayne Ellington | Rajon Rondo | Dwight Howard | Kent Bazemore | DeAndre Jordan | Darren Collison | Chaundee Brown Jr. | Sekou Doumbouya | Jemerrio Jones | Jay Huff | Mason Jones | Wenyen Gabriel | D.J. Augustin | Mac McClung
97%
Clippers Paul George | Reggie Jackson | Marcus Morris | Terance Mann | Luke Kennard | Norman Powell | Eric Bledsoe | Nicolas Batum | Ivica Zubac | Amir Coffey | Robert Covington | Isaiah Hartenstein | Serge Ibaka | Brandon Boston Jr. | James Ennis III | Xavier Moon | Justise Winslow | Keon Johnson | Wenyen Gabriel | Rodney Hood | Jay Scrubb | Semi Ojeleye | Moses Wrigh
96%
Mavericks Luka Dončić | Dorian Finney-Smith | Jalen Brunson | Tim Hardaway Jr. | Kristaps Porziņģis | Spencer Dinwiddie | Reggie Bullock | Maxi Kleber | Dwight Powell | Brandon Knight | Dāvis Bertāns | Josh Green | Sterling Brown | Isaiah Thomas | Frank Ntilikina | Marquese Chriss | Trey Burke | Willie Cauley-Stein | Theo Pinson | Moses Brown | Carlik Jones | Boban Marjanović | Charlie Brown Jr. | George King | Eugene Omoruyi | JaQuori McLaughlin | Moses Wright
96%
Kings De'Aaron Fox | Tyrese Haliburton | Harrison Barnes | Domantas Sabonis | Justin Holiday | Buddy Hield | Davion Mitchell | Jeremy Lamb | Richaun Holmes | Donte DiVincenzo | Chimezie Metu | Marvin Bagley III | Maurice Harkless | Terence Davis | Alex Len | Tristan Thompson | Damian Jones | Louis King | Jahmi'us Ramsey | Neemias Queta | Emmanuel Mudiay | Justin Robinson | Trey Lyles | Robert Woodard II | Josh Jackson | Ade Murkey
95%
Nets Kevin Durant | James Harden | Kyrie Irving | Seth Curry | Patty Mills | Joe Harris | Kessler Edwards | LaMarcus Aldridge | Bruce Brown | Andre Drummond | Nic Claxton | DeAndre' Bembry | Cam Thomas | James Johnson | Blake Griffin | David Duke Jr. | Langston Galloway | Day'Ron Sharpe | Jevon Carter | Shaquille Harrison | Paul Millsap | James Ennis III | Wenyen Gabriel | Goran Dragić
95%
Nuggets Nikola Jokić | Will Barton | Aaron Gordon | Monte Morris | Michael Porter Jr. | Jeff Green | Austin Rivers | Bryn Forbes | Facundo Campazzo | PJ Dozier | Bones Hyland | Zeke Nnaji | JaMychal Green | Davon Reed | DeMarcus Cousins | Vlatko Čančar | Rayjon Tucker | Markus Howard | Bol Bol | James Ennis III | Petr Cornelie | Carlik Jones
95%
Jazz Donovan Mitchell | Rudy Gobert | Royce O'Neale | Bojan Bogdanović | Mike Conley | Jordan Clarkson | Joe Ingles | Rudy Gay | Hassan Whiteside | Danuel House Jr. | Eric Paschall | Trent Forrest | Udoka Azubuike | Denzel Valentine | Elijah Hughes | Jared Butler | Norvel Pelle | Malik Fitts | Zylan Cheatham | Miye Oni | Juancho Hernangómez | Nickeil Alexander-Walker | Xavier Sneed | Greg Monroe
93%
Suns Devin Booker | Chris Paul | Deandre Ayton | Mikal Bridges | Jae Crowder | Cameron Johnson | Cameron Payne | Frank Kaminsky | Landry Shamet | Torrey Craig | Bismack Biyombo | Aaron Holiday | JaVale McGee | Jalen Smith | Elfrid Payton | Abdel Nader | Ish Wainright | Emanuel Terry | Justin Jackson | M.J. Walker | Chandler Hutchison | Paris Bass | Gabriel Lundberg
93%
Warriors Stephen Curry | Andrew Wiggins | Draymond Green | Klay Thompson | Jordan Poole | Otto Porter Jr. | Kevon Looney | Damion Lee | Andre Iguodala | Gary Payton II | Nemanja Bjelica | Jonathan Kuminga | Juan Toscano-Anderson | Chris Chiozza | Moses Moody | Jeff Dowtin | Quinndary Weatherspoon
93%
Knicks Julius Randle | Evan Fournier | RJ Barrett | Alec Burks | Mitchell Robinson | Immanuel Quickley | Kemba Walker | Obi Toppin | Taj Gibson | Quentin Grimes | Derrick Rose | Nerlens Noel | Miles McBride | Jericho Sims | Cam Reddish | Kevin Knox | Damyean Dotson | Wayne Selden | Danuel House Jr. | Matt Mooney | Tyler Hall | Feron Hunt | Ryan Arcidiacono
92%
Pacers Buddy Hield | Tyrese Haliburton | Domantas Sabonis | Malcolm Brogdon | Caris LeVert | Myles Turner | Justin Holiday | Chris Duarte | T.J. McConnell | Jalen Smith | Oshae Brissett | Torrey Craig | Lance Stephenson | Duane Washington Jr. | Keifer Sykes | Terry Taylor | Tristan Thompson | Kelan Martin | Jeremy Lamb | Brad Wanamaker | Goga Bitadze | Isaiah Jackson | Reggie Perry | Justin Anderson | DeJon Jarreau | Nate Hinton | Ahmad Caver | Gabe York
92%
Timberwolves Karl-Anthony Towns | Anthony Edwards | D'Angelo Russell | Patrick Beverley | Jarred Vanderbilt | Jaden McDaniels | Malik Beasley | Greg Monroe | Naz Reid | Taurean Prince | Jaylen Nowell | Jordan McLaughlin | Josh Okogie | Leandro Bolmaro | Jake Layman | Nathan Knight | Chris Silva | McKinley Wright IV
92%
Trail Blazers Damian Lillard | CJ McCollum | Josh Hart | Norman Powell | Justise Winslow | Robert Covington | Anfernee Simons | Jusuf Nurkić | Nassir Little | Larry Nance Jr. | Drew Eubanks | Reggie Perry | Ben McLemore | Dennis Smith Jr. | Keon Johnson | Cameron McGriff | CJ Elleby | Tony Snell | Elijah Hughes | Cody Zeller | Trendon Watford | Brandon Williams | Greg Brown III | Keljin Blevins | Jarron Cumberland | Didi Louzada | Kris Dunn
92%
Raptors Fred VanVleet | Pascal Siakam | OG Anunoby | Scottie Barnes | Gary Trent Jr. | Juwan Morgan | Precious Achiuwa | Tremont Waters | Chris Boucher | Khem Birch | Goran Dragić | Thaddeus Young | D.J. Wilson | Svi Mykhailiuk | Yuta Watanabe | Dalano Banton | Daniel Oturu | Malachi Flynn | Justin Champagnie | Isaac Bonga | David Johnson | Sam Dekker | Armoni Brooks
91%
Thunder Shai Gilgeous-Alexander | Luguentz Dort | Josh Giddey | Darius Bazley | Jeremiah Robinson-Earl | Aaron Wiggins | Kenrich Williams | Tre Mann | Scotty Hopson | Paul Watson | Ty Jerome | Derrick Favors | Aleksej Pokusevski | Isaiah Roby | Mamadi Diakite | Théo Maledon | Mike Muscala | Olivier Sarr | Vit Krejci | Gabriel Deck | Lindy Waters III | Rob Edwards | Jaylen Hoard | Zavier Simpson | Georgios Kalaitzakis | Melvin Frazier
91%
Pelicans CJ McCollum | Brandon Ingram | Josh Hart | Jonas Valančiūnas | Devonte' Graham | Herbert Jones | Nickeil Alexander-Walker | Tony Snell | Garrett Temple | Jaxson Hayes | Willy Hernangómez | Tomáš Satoranský | Kira Lewis Jr. | Jose Alvarado | Trey Murphy III | Gary Clark | Naji Marshall | Jared Harper | Didi Louzada | Larry Nance Jr. | Tyrone Wallace | Alize Johnson
90%
Wizards Bradley Beal | Kristaps Porziņģis | Kyle Kuzma | Spencer Dinwiddie | Kentavious Caldwell-Pope | Brad Wanamaker | Montrezl Harrell | Deni Avdija | Ish Smith | Daniel Gafford | Raul Neto | Corey Kispert | Rui Hachimura | Thomas Bryant | Aaron Holiday | Dāvis Bertāns | Greg Monroe | Anthony Gill | Tremont Waters | Jordan Schakel | Craig Sword | Alize Johnson | Cassius Winston | Isaiah Todd | Jordan Goodwin | Jaime Echenique | Joel Ayayi | Vernon Carey Jr. | Tomáš Satoranský
90%
Magic Cole Anthony | Franz Wagner | Wendell Carter Jr. | Gary Harris | Jalen Suggs | Mo Bamba | Terrence Ross | Chuma Okeke | Hassani Gravett | Tim Frazier | R.J. Hampton | Robin Lopez | B.J. Johnson | Aleem Ford | Freddie Gillespie | Mychal Mulder | Moritz Wagner | Admiral Schofield | Ignas Brazdeikis | Devin Cannady | Markelle Fultz | Jeff Dowtin
88%
Pistons Saddiq Bey | Cade Cunningham | Isaiah Stewart | Hamidou Diallo | Cory Joseph | Killian Hayes | Jerami Grant | Trey Lyles | Frank Jackson | Josh Jackson | Rodney McGruder | Kelly Olynyk | Saben Lee | Luka Garza | Cassius Stanley | Derrick Walton | Justin Robinson | Marvin Bagley III | Jamorko Pickett | Micah Potter | Cheick Diallo | Deividas Sirvydis | Trayvon Palmer | Jaysean Paige | Isaiah Livers | Carsen Edwards | Braxton Key
88%
Rockets Christian Wood | Jalen Green | Kevin Porter Jr. | Eric Gordon | Dennis Schröder | Jae'Sean Tate | Garrison Mathews | Daniel Theis | Kenyon Martin Jr. | Alperen Şengün | Armoni Brooks | Josh Christopher | D.J. Augustin | Danuel House Jr. | David Nwaba | Trevelin Queen | Daishen Nix | Usman Garuba | Bruno Fernando | Marko Simonovic | Mac McClung | Jordan Bell
87%
Spurs Dejounte Murray | Keldon Johnson | Derrick White | Jakob Poeltl | Devin Vassell | Doug McDermott | Lonnie Walker IV | Tyler Johnson | Bryn Forbes | Zach Collins | Keita Bates-Diop | Joshua Primo | Thaddeus Young | Josh Richardson | Tre Jones | Drew Eubanks | Jock Landale | Juancho Hernangómez | Devontae Cacok | Joe Wieskamp | Jaylen Morris | Anthony Lamb | Romeo Langford | Romeo Langford
84%
No matching quizzes found
Score Distribution
Percent of People with Each Score
Percentile by Number Answered
Your Score History
You have not taken this quiz since the last reset